Estatísticas para Municípios do Paraná em um Mapa

Clique aqui para jogar o quiz

Estatísticas Gerais

  • Esse quiz foi jogado 217 vezes
  • A pontuação média é 115 de 399

Respostas no mapa

Respostas codificadas por cores de uma escala verde-vermelha no mapa do quiz de acordo com a % correta abaixo.
Carregando ...
 

Estatísticas das Respostas

Município% Correto
Curitiba
96%
Foz do Iguaçu
91%
Londrina
91%
Maringá
87%
Paranaguá
84%
Cascavel
81%
Guarapuava
81%
Ponta Grossa
81%
São José dos Pinhais
81%
Toledo
73%
Pato Branco
71%
Francisco Beltrão
68%
Guaratuba
68%
Colombo
65%
Umuarama
65%
Campo Largo
64%
Matinhos
62%
Araucária
62%
Arapongas
58%
Irati
58%
Paranavaí
58%
Pinhais
57%
Apucarana
57%
Campo Mourão
57%
Guaíra
57%
Morretes
57%
Lapa
57%
Castro
57%
Palmas
56%
Jacarezinho
56%
Pontal do Paraná
55%
União da Vitória
55%
Fazenda Rio Grande
55%
Rolândia
55%
Cambé
55%
Ivaí
53%
Almirante Tamandaré
53%
Cianorte
52%
Telêmaco Borba
51%
São João
51%
Palmeira
49%
General Carneiro
47%
Marechal Cândido Rondon
45%
Piraquara
45%
Medianeira
45%
Guaraqueçaba
45%
Rio Negro
45%
Antonina
45%
Assis Chateaubriand
45%
Bandeirantes
45%
Prudentópolis
44%
Laranjeiras do Sul
44%
Mandaguari
43%
Cornélio Procópio
42%
São Mateus do Sul
42%
Ivaiporã
42%
Palotina
42%
Tijucas do Sul
42%
Terra Roxa
42%
Sarandi
40%
Marialva
40%
Astorga
40%
Tibagi
39%
Nova Londrina
39%
Dois Vizinhos
39%
Santa Helena
39%
Jaguariaíva
39%
Campina Grande do Sul
39%
Cerro Azul
38%
Rio Branco do Sul
38%
Goioerê
38%
Matelândia
38%
Terra Rica
38%
Quatro Barras
38%
Santo Antônio da Platina
38%
Pinhão
36%
Agudos do Sul
36%
Ibaiti
36%
Imbituva
36%
Quitandinha
36%
Iretama
36%
Alto Paraná
36%
Ampére
36%
Mallet
36%
Campo Magro
36%
Reserva
36%
Piên
36%
Bocaiúva do Sul
35%
Coronel Vivida
35%
Adrianópolis
35%
Céu Azul
35%
Cafelândia
35%
Roncador
35%
Doutor Ulysses
35%
Bituruna
35%
Nova Laranjeiras
35%
Ortigueira
35%
Califórnia
34%
Wenceslau Braz
34%
Realeza
34%
Verê
34%
Porto Amazonas
32%
Rondon
32%
Balsa Nova
32%
Missal
32%
Mangueirinha
32%
Loanda
32%
Guaraniaçu
32%
Ventania
32%
Ibiporã
32%
Altônia
31%
Pitanga
31%
Colorado
31%
Barracão
31%
Vitorino
31%
Ipiranga
31%
Sapopema
31%
Cambará
31%
Arapoti
31%
Planalto
31%
Terra Boa
31%
Carambeí
31%
Rio Azul
31%
Mamborê
31%
Mandirituba
31%
Engenheiro Beltrão
31%
Ubiratã
31%
Paranacity
31%
Jussara
30%
Paiçandu
30%
Ibema
30%
Iporã
30%
São Pedro do Ivaí
30%
Porto Rico
30%
Sengés
30%
Laranjal
30%
Pato Bragado
30%
Tunas do Paraná
30%
Abatiá
30%
Xambrê
30%
Fernandes Pinheiro
30%
Alto Piquiri
30%
Curiúva
30%
Assaí
30%
Flórida
30%
Antônio Olinto
30%
Santa Mariana
29%
Jandaia do Sul
29%
São João do Triunfo
29%
Itaperuçu
29%
Siqueira Campos
29%
Itaipulândia
29%
Piraí do Sul
29%
Lunardelli
29%
Nova Esperança
29%
Virmond
29%
Uraí
29%
Cruzeiro do Sul
29%
Andirá
29%
Bom Sucesso
29%
Quedas do Iguaçu
27%
Querência do Norte
27%
Pérola
27%
Faxinal
27%
Joaquim Távora
27%
Rebouças
27%
Diamante do Sul
27%
Borrazópolis
27%
Figueira
27%
Mandaguaçu
27%
Jataizinho
27%
Diamante do Norte
27%
São João do Ivaí
27%
Tupãssi
27%
São Miguel do Iguaçu
27%
Araruna
27%
Amaporã
27%
Vera Cruz do Oeste
27%
Nova Fátima
26%
Uniflor
26%
Carlópolis
26%
Nova Santa Rosa
26%
Clevelândia
26%
Farol
26%
Fênix
26%
Três Barras do Paraná
26%
Tomazina
26%
Maria Helena
26%
Jaboti
26%
Pinhalão
26%
Kaloré
26%
Santo Antônio do Sudoeste
26%
Ribeirão Claro
26%
Sertanópolis
26%
Tamarana
26%
Florestópolis
26%
Juranda
26%
Tamboara
26%
Leópolis
26%
Cantagalo
26%
Tuneiras do Oeste
25%
Mercedes
25%
Diamante d'Oeste
25%
Nova Aurora
25%
Braganey
25%
Reserva do Iguaçu
25%
Nova Olímpia
25%
Salgado Filho
25%
Quatro Pontes
25%
Ouro Verde do Oeste
25%
Tapejara
25%
Paulo Frontin
25%
Anahy
25%
Cidade Gaúcha
25%
Capanema
25%
Honório Serpa
25%
Centenário do Sul
25%
Manoel Ribas
25%
Guaporema
25%
Jaguapitã
25%
Guamiranga
25%
Janiópolis
25%
Japira
25%
Floresta
25%
Marilena
25%
Guairaçá
25%
Goioxim
25%
Renascença
23%
Sertaneja
23%
Bela Vista do Paraíso
23%
Lindoeste
23%
Brasilândia do Sul
23%
Francisco Alves
23%
Lobato
23%
Nova Prata do Iguaçu
23%
Luiziana
23%
Corbélia
23%
Nova Santa Bárbara
23%
Jesuítas
23%
Enéas Marques
23%
Santa Maria do Oeste
23%
Guapirama
23%
Marmeleiro
23%
Turvo
23%
Quatiguá
23%
Arapuã
23%
Nova América da Colina
23%
Candói
23%
Porecatu
23%
Barbosa Ferraz
23%
Tapira
23%
Santa Lúcia
23%
Catanduvas
22%
Ramilândia
22%
Jundiaí do Sul
22%
Flor da Serra do Sul
22%
Bom Sucesso do Sul
22%
Rio Bonito do Iguaçu
22%
Ivaté
22%
Presidente Castelo Branco
22%
Santo Antônio do Caiuá
22%
Maripá
22%
Paranapoema
22%
Contenda
22%
Ariranha do Ivaí
22%
Doutor Camargo
22%
São Jorge do Ivaí
22%
Atalaia
22%
Bom Jesus do Sul
22%
Nova Tebas
22%
Sulina
21%
Inajá
21%
Ângulo
21%
Rancho Alegre
21%
Teixeira Soares
21%
Formosa do Oeste
21%
Itaúna do Sul
21%
Cambira
21%
Boa Esperança
21%
Foz do Jordão
21%
Campo do Tenente
21%
Santo Inácio
21%
Santa Amélia
21%
Santa Cecília do Pavão
21%
Santa Inês
21%
São Tomé
21%
Douradina
21%
Lupionópolis
21%
Mirador
21%
Espigão Alto do Iguaçu
21%
Manfrinópolis
21%
Paraíso do Norte
21%
Lidianópolis
21%
Pranchita
21%
Boa Esperança do Iguaçu
19%
Nova Cantu
19%
Salto do Lontra
19%
Moreira Sales
19%
Bela Vista da Caroba
19%
Esperança Nova
19%
Santa Tereza do Oeste
19%
Godoy Moreira
19%
Saudade do Iguaçu
19%
Barra do Jacaré
19%
Itaguajé
19%
Quarto Centenário
19%
Cruz Machado
19%
Itambaracá
19%
Palmital
19%
Itambé
19%
Marilândia do Sul
19%
Serranópolis do Iguaçu
19%
Rio Bom
19%
Indianópolis
19%
Cruzeiro do Oeste
19%
Icaraíma
19%
Floraí
19%
Porto Vitória
19%
Marquinho
19%
Cafeara
19%
Planaltina do Paraná
19%
Pitangueiras
19%
Ribeirão do Pinhal
19%
Alvorada do Sul
19%
Jardim Alegre
18%
Iguatu
18%
Cândido de Abreu
18%
Porto Barreiro
18%
Itapejara d'Oeste
18%
Novo Itacolomi
18%
São José das Palmeiras
18%
Campina do Simão
18%
Altamira do Paraná
18%
Miraselva
18%
Chopinzinho
18%
Peabiru
18%
Mariópolis
18%
Ourizona
18%
Perobal
18%
Rio Branco do Ivaí
18%
Inácio Martins
18%
Cafezal do Sul
18%
Sabáudia
17%
Mariluz
17%
Mato Rico
17%
Japurá
17%
Iracema do Oeste
17%
Santa Terezinha de Itaipu
17%
Campo Bonito
17%
Santa Fé
17%
Capitão Leônidas Marques
17%
Salto do Itararé
16%
Congonhinhas
16%
Pérola d'Oeste
16%
Santa Izabel do Oeste
16%
Ivatuba
16%
Conselheiro Mairinck
16%
Cruzmaltina
14%
São João do Caiuá
14%
Prado Ferreira
14%
São Pedro do Iguaçu
14%
Paula Freitas
14%
Jardim Olinda
14%
Santa Isabel do Ivaí
14%
Santa Mônica
13%
Nova Aliança do Ivaí
13%
Corumbataí do Sul
13%
São Jorge d'Oeste
13%
Rosário do Ivaí
12%
Nova Esperança do Sudoeste
12%
Marumbi
12%
Mauá da Serra
12%
Imbaú
12%
Guaraci
10%
Alto Paraíso
10%
Primeiro de Maio
10%
São Sebastião da Amoreira
9%
Entre Rios do Oeste
9%
São Carlos do Ivaí
9%
São Jerônimo da Serra
9%
São Pedro do Paraná
8%
Cruzeiro do Iguaçu
8%
Grandes Rios
8%
Quinta do Sol
8%
Santana do Itararé
6%
Boa Ventura de São Roque
6%
Campina da Lagoa
6%
São Jorge do Patrocínio
6%
Nossa Senhora das Graças
6%
Coronel Domingos Soares
6%
Pinhal de São Bento
6%
Santa Cruz de Monte Castelo
6%
Santo Antônio do Paraíso
6%
São José da Boa Vista
5%
Iguaraçu
5%
Rancho Alegre d'Oeste
4%
Boa Vista da Aparecida
4%
Munhoz de Melo
4%
São Manoel do Paraná
3%

Distribuição das Pontuações

Percentil de Números Respondidos

Porcentagem de Pessoas com Cada Pontuação

Sua Pontuação Histórica

Você não jogou esse quiz